Europäische Hauptstädte am Flughafen Code erkennen - Statistiken

Allgemein
  • Dieses Quiz wurde 287 mal gespielt
    246 seit der letzten Aktualisierung
  • Das Durchschnittsergebnis liegt bei 25 aus 40
Antwortstatistiken
Code Stadt % Korrekt
AMS Amsterdam
100%
ATH Athen
98%
BER Berlin
96%
DUB Dublin
93%
BRU Brüssel
92%
HEL Helsinki
90%
BUD Budapest
89%
LUX Luxemburg
89%
MAD Madrid
89%
WAW Warschau
87%
LIS Lissabon
86%
ZAG Zagreb
85%
OSL Oslo
84%
PRG Prag
84%
SOF Sofia
82%
VIE Wien
80%
CPH Kopenhagen
78%
BRN Bern
76%
SKP Skopje
70%
LJU Ljubljana
69%
BEG Belgrad
68%
LHR London
64%
TLL Tallinn
61%
CDG Paris
58%
TIA Tirana
56%
RIX Riga
50%
SJJ Sarajevo
47%
FCO Rom
43%
VNO Vilnius
43%
BTS Bratislava
40%
PRN Pristina
40%
ARN Stockholm
37%
KEF Reykjavik
32%
MLA Valletta
26%
MSQ Minsk
24%
KBP Kiew
21%
OTP Bukarest
20%
SVO Moskau
17%
RMO Chisinau
12%
TGD Podgorica
10%
Keine übereinstimmenden Quizze gefunden
Verteilung der Resultate
Anzahl Personen mit jedem Resultat
Perzentil nach korrekt beantworteten Fragen
Ihre Resultats-Entwicklung
Sie haben dieses Quiz seit der letzten Aktualisierung nicht gespielt